Score 0/26 Timer 03:00
0 Plays Today
Clue Word % Correct
★ Wrigley Field baseball team ★CUBS
89%
Judicial garmentROBE
78.9%
Betsy or Diana, e.g.ROSS
76.7%
Baseball's 'Charlie Hustle'ROSE
71.2%
Offensively impolite or ill-manneredRUDE
71.1%
Baseball's 'Sultan of Swat'RUTH
70.8%
★ Great American Ball Park baseball team ★REDS
69.6%
Baseball's Grace or McGwireMARK
69.1%
★ Citi Field baseball team ★METS
66.7%
★ Tropicana Field baseball team ★RAYS
64.7%
Carew and Steiger, e.g.RODS
63.4%
Deep tracks in pathsRUTS
61.4%
Hollywood's Paul or Australia's KevinRUDD
58%
Clue Word % Correct
Funny FoxxREDD
56.9%
Cousin of 'darn' or 'shoot'RATS
56.7%
Baseball's 'Say Hey Kid'MAYS
55.7%
Measurement of inertia or quantity of matterMASS
52.7%
1985 Cher/Eric Stoltz filmMASK
51.8%
Former fillyMARE
49.8%
'Gold' or 'head' followerRUSH
48.8%
Baseball's 'Georgia Peach'COBB
45.8%
SubterfugeRUSE
44.8%
Eldest Stark child on 'Game of Thrones'ROBB
43.6%
Dole (out) or dispense, as justiceMETE
42.9%
Parts of earsCOBS
42.8%
C. S. Lewis's '___ Christianity'MERE
41%

Today's Daily Dose

Remove Ads.
Support Sporcle.
Get the best of Sporcle when you Go Orange. This ad-free experience offers more features, more stats, and more fun while also helping to support Sporcle. Thank you for becoming a member.

You're not logged in!

Compare scores with friends on all Sporcle quizzes.
OR
Log In

Show Comments

Extras

Top Quizzes Today


Score Distribution

Your Account Isn't Verified!

In order to create a playlist on Sporcle, you need to verify the email address you used during registration. Go to your Sporcle Settings to finish the process.

Report this User

Report this user for behavior that violates our Community Guidelines.

Details: